[Event "VIII Torneo Internazionale A"]
[Site "Montecatini Terme ITA"]
[Date "2002.01.31"]
[Round "8"]
[White "Djuric, Stefan"]
[Black "Zaja, Ivan"]
[Result "1/2-1/2"]
[WhiteElo "2487"]
[BlackElo "2453"]
[PlyCount "23"]
[EventDate "2002.01.26"]

1. e4 e5 2. Nf3 Nc6 3. Bb5 a6 4. Ba4 Nf6 5. Nc3 b5 6. Bb3 Bc5 7. d3 d6 8. Bg5
h6 9. Bxf6 Qxf6 10. Nd5 Qd8 11. c3 O-O 12. O-O 1/2-1/2

[Event "VIII Torneo Internazionale A"]
[Site "Montecatini Terme ITA"]
[Date "2002.01.31"]
[Round "8"]
[White "Isonzo, David"]
[Black "Vezzosi, Paolo"]
[Result "1/2-1/2"]
[WhiteElo "2364"]
[BlackElo "2392"]
[PlyCount "33"]
[EventDate "2002.01.26"]

1. e4 c6 2. Nc3 d5 3. Nf3 g6 4. d4 Bg7 5. h3 dxe4 6. Nxe4 Nd7 7. Bd3 Ngf6 8.
Nxf6+ Nxf6 9. O-O O-O 10. Re1 Qd6 11. Bg5 c5 12. dxc5 Qxc5 13. Be3 Qc7 14. Bd4
Re8 15. Be5 Qb6 16. a4 a6 17. a5 1/2-1/2

[Event "VIII Torneo Internazionale A"]
[Site "Montecatini Terme ITA"]
[Date "2002.01.31"]
[Round "8"]
[White "Janev, Evgeni"]
[Black "Cebalo, Miso"]
[Result "1/2-1/2"]
[WhiteElo "2498"]
[BlackElo "2492"]
[PlyCount "32"]
[EventDate "2002.01.26"]

1. e4 c5 2. Nf3 d6 3. d4 cxd4 4. Nxd4 Nf6 5. Nc3 Nc6 6. g3 g6 7. Bg2 Bd7 8. h3
Bg7 9. Nde2 O-O 10. O-O Rc8 11. a4 a6 12. Nf4 Nb4 13. Be3 Bc6 14. a5 e6 15. Qd2
Qe7 16. Rfe1 Bd7 1/2-1/2

[Event "VIII Torneo Internazionale A"]
[Site "Montecatini Terme ITA"]
[Date "2002.01.31"]
[Round "8"]
[White "Sarno, Spartaco"]
[Black "Martorelli, Antonio"]
[Result "1/2-1/2"]
[WhiteElo "2395"]
[BlackElo "2262"]
[PlyCount "47"]
[EventDate "2002.01.26"]

1. d4 Nf6 2. c4 g6 3. Nc3 Bg7 4. e4 d6 5. f3 e5 6. Nge2 O-O 7. Bg5 exd4 8. Nxd4
Nc6 9. Nc2 h6 10. Be3 a6 11. Qd2 Ne5 12. Be2 Kh7 13. O-O Be6 14. b3 Qe7 15.
Rac1 c5 16. Rce1 g5 17. Bf2 Nh5 18. Ne3 Nf4 19. Bg3 Qf6 20. Bxf4 gxf4 21. Ned5
Qg5 22. Qxf4 Qxf4 23. Nxf4 Nxc4 24. Nxe6 1/2-1/2

[Event "VIII Torneo Internazionale A"]
[Site "Montecatini Terme ITA"]
[Date "2002.01.31"]
[Round "8"]
[White "Scalcione, Michelangelo"]
[Black "Vismara, Daniele"]
[Result "1/2-1/2"]
[WhiteElo "2329"]
[BlackElo "2343"]
[PlyCount "111"]
[EventDate "2002.01.26"]

1. Nf3 d5 2. d4 c6 3. c4 Nf6 4. Nc3 dxc4 5. a4 Bf5 6. e3 e6 7. Bxc4 Bb4 8. O-O
O-O 9. Nh4 Nbd7 10. Nxf5 exf5 11. Qc2 Nb6 12. Be2 Qd7 13. a5 Nbd5 14. Bd2 Rfe8
15. Bf3 Bf8 16. Rfd1 a6 17. Be1 g6 18. Rab1 Re7 19. Na4 Rae8 20. Nc5 Qc8 21. b4
Bh6 22. Bd2 Ne4 23. Re1 Bg5 24. g3 h5 25. h4 Bf6 26. Kg2 Qc7 27. Re2 Kg7 28.
Be1 Qd6 29. Rb3 g5 30. hxg5 Bxg5 31. Kg1 Qg6 32. Bg2 h4 33. g4 Ndf6 34. gxf5
Qxf5 35. f3 Ng3 36. Bxg3 Qxc2 37. Rxc2 hxg3 38. f4 Bh6 39. e4 Bxf4 40. e5 Nh5
41. Bf3 Rh8 42. Ne4 Rd7 43. Bxh5 Rxh5 44. Nf6 Rh2 45. Rcc3 Bxe5 46. Rxg3+ Bxg3
47. Nxd7 Bd6 48. Nc5 Rd2 49. Nxb7 Rxd4 50. Rc3 Be5 51. Rxc6 Rxb4 52. Nd6 Ra4
53. Nf5+ Kh7 54. Rh6+ Kg8 55. Rxa6 Bc3 56. Kg2 1/2-1/2

[Event "VIII Torneo Internazionale A"]
[Site "Montecatini Terme ITA"]
[Date "2002.02.01"]
[Round "9"]
[White "Cebalo, Miso"]
[Black "Isonzo, David"]
[Result "1-0"]
[WhiteElo "2492"]
[BlackElo "2364"]
[PlyCount "59"]
[EventDate "2002.01.26"]

1. c4 Nf6 2. Nc3 g6 3. d4 Bg7 4. e4 d6 5. f4 O-O 6. Nf3 c5 7. d5 e6 8. Be2 exd5
9. cxd5 Re8 10. e5 dxe5 11. fxe5 Ng4 12. Bg5 Qb6 13. O-O Nxe5 14. Nxe5 Rxe5 15.
Qd2 Bf5 16. Rad1 Nd7 17. d6 Qb4 18. Rf4 Qa5 19. Ra4 Qb6 20. Nd5 Qc6 21. b3 Rxd5
22. Qxd5 Qxd5 23. Rxd5 Bd4+ 24. Rdxd4 cxd4 25. Bf3 Nc5 26. Rc4 Ne6 27. Bf6 d3
28. g4 b5 29. gxf5 bxc4 30. Bxa8 1-0

[Event "VIII Torneo Internazionale A"]
[Site "Montecatini Terme ITA"]
[Date "2002.02.01"]
[Round "9"]
[White "Georgiev, Vladimir"]
[Black "Djuric, Stefan"]
[Result "0-1"]
[WhiteElo "2560"]
[BlackElo "2487"]
[PlyCount "122"]
[EventDate "2002.01.26"]

1. d4 Nf6 2. c4 b6 3. Nc3 Bb7 4. d5 e5 5. Nf3 Bb4 6. Nxe5 Qe7 7. Nd3 Bxc3+ 8.
bxc3 Ba6 9. Qb3 Nxd5 10. cxd5 Bxd3 11. c4 Bg6 12. h4 Na6 13. h5 Nc5 14. Qe3 Bf5
15. g4 Bc2 16. Rh3 h6 17. Bg2 Be4 18. Bxe4 Nxe4 19. Ba3 d6 20. Qd4 O-O-O 21.
Re3 Rde8 22. f3 Qh4+ 23. Kd1 Ng3 24. Kd2 Nxh5 25. Bb2 Nf6 26. Rg1 Qh2 27. Re1
Rxe3 28. Qxe3 Re8 29. Qd3 Qf4+ 30. Kd1 Kb7 31. Qd4 Qh2 32. Qd3 h5 33. g5 Nd7
34. Qf5 Ne5 35. Qe4 Re7 36. c5 bxc5 37. Bc3 Qh3 38. Kd2 Qd7 39. f4 Ng6 40. Qc4
c6 41. Rb1+ Ka8 42. Qb3 Re8 43. e3 Ne7 44. dxc6 Nxc6 45. Bxg7 d5 46. Qc2 d4 47.
e4 Qg4 48. Be5 Nxe5 49. fxe5 Qxg5+ 50. Kd3 Qxe5 51. Qg2 c4+ 52. Kxc4 Rc8+ 53.
Kd3 Rc3+ 54. Kd2 Qf4+ 55. Kd1 Rg3 56. Qh1 Rd3+ 57. Ke1 Re3+ 58. Kd1 Rd3+ 59.
Ke1 Rf3 60. e5 Qe4+ 61. Kd2 Rf2+ 0-1

[Event "VIII Torneo Internazionale A"]
[Site "Montecatini Terme ITA"]
[Date "2002.02.01"]
[Round "9"]
[White "Martorelli, Antonio"]
[Black "Scalcione, Michelangelo"]
[Result "1-0"]
[WhiteElo "2262"]
[BlackElo "2329"]
[PlyCount "55"]
[EventDate "2002.01.26"]

1. e4 e5 2. Nf3 d6 3. d4 exd4 4. Nxd4 Nf6 5. Nc3 Be7 6. Bf4 O-O 7. Qd2 Nc6 8.
O-O-O Nxd4 9. Qxd4 Be6 10. f3 a6 11. g4 b5 12. h4 c5 13. Qd2 b4 14. Nd5 Bxd5
15. exd5 Nd7 16. g5 Nb6 17. h5 Na4 18. Re1 Re8 19. Bd3 Rb8 20. Qg2 Qa5 21.
Bxh7+ Kh8 22. Be4 Nc3 23. g6 Nxa2+ 24. Kd1 b3 25. h6 bxc2+ 26. Bxc2 f5 27.
hxg7+ Kg8 28. Qh2 1-0

[Event "VIII Torneo Internazionale A"]
[Site "Montecatini Terme ITA"]
[Date "2002.02.01"]
[Round "9"]
[White "Vismara, Daniele"]
[Black "Janev, Evgeni"]
[Result "0-1"]
[WhiteElo "2343"]
[BlackElo "2498"]
[PlyCount "48"]
[EventDate "2002.01.26"]

1. Nf3 Nf6 2. c4 g6 3. d4 Bg7 4. g3 O-O 5. Bg2 c5 6. O-O cxd4 7. Nxd4 d6 8. Nc3
a6 9. b3 Nbd7 10. Bb2 Rb8 11. Rc1 e6 12. Qd2 Qe7 13. Rfd1 Rd8 14. e4 Bf8 15.
Nc2 b6 16. Ne3 Bb7 17. f4 Ba8 18. Bf3 Bg7 19. Qg2 b5 20. g4 Rdc8 21. g5 Ne8 22.
Rd2 Qd8 23. Qf2 Qa5 24. cxb5 Bxc3 0-1

[Event "VIII Torneo Internazionale A"]
[Site "Montecatini Terme ITA"]
[Date "2002.02.01"]
[Round "9"]
[White "Zaja, Ivan"]
[Black "Sarno, Spartaco"]
[Result "1/2-1/2"]
[WhiteElo "2453"]
[BlackElo "2395"]
[PlyCount "64"]
[EventDate "2002.01.26"]

1. d4 Nf6 2. c4 g6 3. Nc3 Bg7 4. e4 d6 5. f3 O-O 6. Nge2 a6 7. Be3 Nc6 8. Qd2
Rb8 9. Nc1 e5 10. d5 Nd4 11. Nb3 c5 12. dxc6 bxc6 13. Nxd4 exd4 14. Bxd4 Qa5
15. Rc1 Re8 16. Be2 d5 17. cxd5 cxd5 18. e5 Nd7 19. f4 f6 20. e6 Nf8 21. f5
gxf5 22. O-O Nxe6 23. Bf3 Nxd4 24. Qxd4 Be6 25. Bxd5 Bxd5 26. Nxd5 Qxa2 27. Rc7
Rxb2 28. Nf4 Rb1 29. Rxg7+ Kxg7 30. Nh5+ Kg8 31. Nxf6+ Kf7 32. Nxe8 Rxf1+
1/2-1/2

[Event "VIII Torneo Internazionale A"]
[Site "Montecatini Terme ITA"]
[Date "2002.02.02"]
[Round "10"]
[White "Janev, Evgeni"]
[Black "Martorelli, Antonio"]
[Result "1-0"]
[WhiteElo "2498"]
[BlackElo "2262"]
[PlyCount "71"]
[EventDate "2002.01.26"]

1. e4 c5 2. Nf3 e6 3. d4 cxd4 4. Nxd4 a6 5. c4 Nf6 6. Nc3 Qc7 7. a3 b6 8. g3
Bb7 9. Bg2 Nc6 10. O-O Bc5 11. Nb3 Be7 12. Be3 Ne5 13. Rc1 d6 14. f4 Ned7 15.
g4 h5 16. g5 Ng4 17. Bd4 e5 18. Nd5 Bxd5 19. cxd5 Qa7 20. h3 exd4 21. hxg4 hxg4
22. Nxd4 b5 23. Rf2 g3 24. Rd2 Bd8 25. Kf1 Bb6 26. Nc6 Qb7 27. Qf3 Bf2 28. e5
Nb6 29. exd6 Nc4 30. Re2+ Kf8 31. Rxc4 bxc4 32. Qe4 g6 33. Qe7+ Qxe7 34. dxe7+
Ke8 35. d6 Bc5 36. Nb8 1-0

[Event "VIII Torneo Internazionale A"]
[Site "Montecatini Terme ITA"]
[Date "2002.02.02"]
[Round "10"]
[White "Sarno, Spartaco"]
[Black "Georgiev, Vladimir"]
[Result "0-1"]
[WhiteElo "2395"]
[BlackElo "2560"]
[PlyCount "94"]
[EventDate "2002.01.26"]

1. c4 c5 2. Nc3 g6 3. g3 Bg7 4. Bg2 Nc6 5. e3 h5 6. Nge2 d6 7. d4 cxd4 8. Nxd4
Bd7 9. b3 Qa5 10. Bb2 h4 11. Qd2 hxg3 12. hxg3 Rxh1+ 13. Bxh1 Qh5 14. Bf3 Bg4
15. Bxg4 Qxg4 16. Nxc6 bxc6 17. Qe2 Nh6 18. Qxg4 Nxg4 19. Ke2 f5 20. Rh1 Kf7
21. Na4 Bxb2 22. Nxb2 Nf6 23. Nd3 c5 24. f3 g5 25. Nf2 a5 26. Rb1 Rh8 27. Rh1
Ra8 28. Rb1 Ke6 29. Kd3 Rh8 30. Rh1 Rxh1 31. Nxh1 g4 32. fxg4 Nxg4 33. e4 Ke5
34. exf5 Kxf5 35. Ke2 Ke4 36. Nf2+ Nxf2 37. Kxf2 Kd3 38. g4 Ke4 39. Kg3 e6 40.
Kh4 d5 41. cxd5 exd5 42. Kg3 d4 43. g5 Kf5 44. Kf3 Kxg5 45. Ke4 Kf6 46. a3 Ke6
47. b4 Kd6 0-1

[Event "VIII Torneo Internazionale A"]
[Site "Montecatini Terme ITA"]
[Date "2002.02.02"]
[Round "10"]
[White "Scalcione, Michelangelo"]
[Black "Zaja, Ivan"]
[Result "1/2-1/2"]
[WhiteElo "2329"]
[BlackElo "2453"]
[PlyCount "21"]
[EventDate "2002.01.26"]

1. d4 d5 2. c4 c6 3. cxd5 cxd5 4. Nc3 Nc6 5. Nf3 Nf6 6. Bf4 a6 7. e3 Bf5 8. Bd3
Bxd3 9. Qxd3 e6 10. O-O Bd6 11. Bxd6 1/2-1/2

[Event "VIII Torneo Internazionale A"]
[Site "Montecatini Terme ITA"]
[Date "2002.02.02"]
[Round "10"]
[White "Vezzosi, Paolo"]
[Black "Cebalo, Miso"]
[Result "1/2-1/2"]
[WhiteElo "2392"]
[BlackElo "2492"]
[PlyCount "72"]
[EventDate "2002.01.26"]

1. d4 Nf6 2. c4 e6 3. Nc3 c5 4. d5 exd5 5. cxd5 d6 6. e4 g6 7. Nf3 a6 8. a4 Bg4
9. Be2 Bxf3 10. Bxf3 Nbd7 11. O-O Bg7 12. Bf4 Qe7 13. a5 O-O 14. Re1 Ne8 15.
Qd2 Nc7 16. Be2 Rfe8 17. Bf1 Rab8 18. Rac1 b6 19. Nd1 bxa5 20. Qxa5 Nxd5 21.
Bxd6 Qxd6 22. exd5 Rxe1 23. Qxe1 Bd4 24. Rc2 Nf6 25. Nc3 Re8 26. Qd1 a5 27. Bc4
Kg7 28. Nb5 Qf4 29. g3 Qe4 30. Nxd4 Qxd4 31. Qxd4 cxd4 32. Rd2 Rb8 33. b3 Ne4
34. Rxd4 Nd6 35. Bf1 Rxb3 36. Ra4 Kf6 1/2-1/2

[Event "VIII Torneo Internazionale A"]
[Site "Montecatini Terme ITA"]
[Date "2002.02.03"]
[Round "11"]
[White "Djuric, Stefan"]
[Black "Sarno, Spartaco"]
[Result "1/2-1/2"]
[WhiteElo "2487"]
[BlackElo "2395"]
[PlyCount "31"]
[EventDate "2002.01.26"]

1. d4 Nf6 2. c4 g6 3. Nc3 Bg7 4. g3 O-O 5. Bg2 c6 6. e4 d6 7. Nf3 Qa5 8. O-O
Qh5 9. e5 dxe5 10. Nxe5 Rd8 11. f3 c5 12. g4 Qh4 13. d5 Na6 14. Qe2 h5 15. h3
Qg3 16. Qe1 1/2-1/2

[Event "VIII Torneo Internazionale A"]
[Site "Montecatini Terme ITA"]
[Date "2002.02.03"]
[Round "11"]
[White "Georgiev, Vladimir"]
[Black "Scalcione, Michelangelo"]
[Result "0-1"]
[WhiteElo "2560"]
[BlackElo "2329"]
[PlyCount "96"]
[EventDate "2002.01.26"]

1. d4 d6 2. Nf3 Nf6 3. c4 g6 4. Nc3 Bf5 5. Qb3 Qc8 6. g3 Bg7 7. Bg2 Nc6 8. d5
Nd8 9. O-O O-O 10. Re1 Ne4 11. Nxe4 Bxe4 12. Bg5 e5 13. c5 Qd7 14. Qc4 f5 15.
Red1 Nf7 16. Be3 dxc5 17. Bxc5 Nd6 18. Bxd6 cxd6 19. Ng5 Rfc8 20. Qb4 a5 21.
Qb6 Bc2 22. Rdc1 e4 23. Ne6 Ra6 24. Qe3 Bxb2 25. g4 fxg4 26. Rab1 Bxb1 27. Rxb1
Be5 28. Qxe4 b5 29. Qxg4 Raa8 30. h4 b4 31. h5 Kh8 32. hxg6 Rg8 33. Be4 Rxg6
34. Bxg6 Rg8 35. Kf1 Rxg6 36. Qh3 Qc8 37. f4 Qc2 38. Qb3 Qf5 39. Rc1 Rg8 40.
Qf3 Bb2 41. Re1 a4 42. Kf2 b3 43. a3 Bf6 44. e4 Qg6 45. Rc1 b2 46. Rb1 Rc8 47.
Ke2 Rc2+ 48. Kd1 Rc1+ 0-1

[Event "VIII Torneo Internazionale A"]
[Site "Montecatini Terme ITA"]
[Date "2002.02.03"]
[Round "11"]
[White "Vismara, Daniele"]
[Black "Vezzosi, Paolo"]
[Result "0-1"]
[WhiteElo "2343"]
[BlackElo "2392"]
[PlyCount "62"]
[EventDate "2002.01.26"]

1. Nf3 d5 2. d4 Nf6 3. c4 e6 4. g3 c6 5. Qc2 Nbd7 6. Bg2 Bd6 7. O-O O-O 8. Nc3
dxc4 9. e4 e5 10. Bg5 h6 11. Bxf6 Qxf6 12. d5 Nb6 13. Nd2 Bd7 14. a4 a5 15. b3
cxb3 16. Qxb3 Bb4 17. Na2 c5 18. Nxb4 cxb4 19. Qe3 Rfc8 20. f4 exf4 21. gxf4
Rc3 22. Qf2 Nxa4 23. Kh1 Nc5 24. e5 Qf5 25. Qh4 b3 26. Rxa5 Rxa5 27. Qd8+ Kh7
28. Qxa5 Qc2 29. Nb1 Bh3 30. Bxh3 Rxh3 31. Qd2 Ne4 0-1

[Event "VIII Torneo Internazionale B"]
[Site "Montecatini Terme ITA"]
[Date "2002.01.26"]
[Round "1"]
[White "Mrdja, Milan"]
[Black "Ivanov, Jordan"]
[Result "1/2-1/2"]
[WhiteElo "2399"]
[BlackElo "2410"]
[PlyCount "22"]
[EventDate "2002.01.26"]

1. Nf3 f5 2. Nc3 Nf6 3. g3 g6 4. Bg2 Bg7 5. O-O O-O 6. d3 d6 7. e4 e5 8. exf5
gxf5 9. Nh4 f4 10. Ne4 Nc6 11. c3 Kh8 1/2-1/2

[Event "VIII Torneo Internazionale B"]
[Site "Montecatini Terme ITA"]
[Date "2002.01.26"]
[Round "1"]
[White "Naumkin, Igor"]
[Black "Passerotti, Pierluigi"]
[Result "1/2-1/2"]
[WhiteElo "2441"]
[BlackElo "2276"]
[PlyCount "26"]
[EventDate "2002.01.26"]

1. e4 c5 2. Nf3 Nc6 3. d4 cxd4 4. Nxd4 g6 5. c4 Bg7 6. Be3 Nf6 7. Nc3 Ng4 8.
Qxg4 Nxd4 9. Qd1 Ne6 10. Rc1 Qa5 11. Be2 b6 12. O-O Bb7 13. f3 g5 1/2-1/2

[Event "VIII Torneo Internazionale B"]
[Site "Montecatini Terme ITA"]
[Date "2002.01.26"]
[Round "1"]
[White "Sciortino, Massimo"]
[Black "Costantini, Roberto"]
[Result "0-1"]
[WhiteElo "2219"]
[BlackElo "2329"]
[PlyCount "130"]
[EventDate "2002.01.26"]

1. d4 d5 2. Nf3 Nf6 3. Bg5 e6 4. e3 Be7 5. Bd3 h6 6. Bh4 c5 7. c3 Qb6 8. Qc1
O-O 9. Nbd2 Bd7 10. Ne5 Bb5 11. Bb1 Rc8 12. Qc2 Be8 13. f4 Nc6 14. Ndf3 Ne4 15.
Bxe7 Nxe7 16. O-O Bb5 17. Re1 f6 18. Ng4 Be8 19. Qb3 Bh5 20. h3 Nd6 21. Nh4 Nc4
22. Qd1 Bxg4 23. hxg4 Qxb2 24. Qb3 Qxb3 25. axb3 Nd2 26. b4 cxb4 27. cxb4 Nxb1
28. Rexb1 Rc3 29. Kf2 Nc8 30. Rc1 Rxc1 31. Rxc1 Nd6 32. Rc7 Rc8 33. Rd7 Rc6 34.
Ng6 Rb6 35. f5 exf5 36. Ne7+ Kh7 37. Nxd5 Ne4+ 38. Kf3 Rd6 39. Rxd6 Nxd6 40.
gxf5 Nxf5 41. Nc3 Kg8 42. Ke4 Ne7 43. d5 Kf7 44. Nb5 Nc8 45. Kd4 Ke7 46. Kc5
Kd7 47. Nd4 g6 48. Ne6 b6+ 49. Kd4 Ne7 50. e4 a6 51. Nf8+ Kd6 52. Nh7 Ng8 53.
Nf8 g5 54. g4 a5 55. bxa5 bxa5 56. Ne6 a4 57. Nc5 a3 58. Nb3 Ne7 59. Kc3 Nxd5+
60. exd5 Kxd5 61. Kd3 Ke5 62. Ke3 a2 63. Na1 f5 64. Kf3 fxg4+ 65. Kxg4 Kd4 0-1

[Event "VIII Torneo Internazionale B"]
[Site "Montecatini Terme ITA"]
[Date "2002.01.27"]
[Round "2"]
[White "Costantini, Roberto"]
[Black "Mrdja, Milan"]
[Result "1-0"]
[WhiteElo "2329"]
[BlackElo "2399"]
[PlyCount "64"]
[EventDate "2002.01.26"]

1. e4 e5 2. Nf3 d6 3. d4 Nd7 4. Bc4 exd4 5. Nxd4 Ngf6 6. Nc3 g6 7. Bg5 Bg7 8.
O-O O-O 9. f4 c6 10. Kh1 h6 11. Bh4 d5 12. Bb3 dxe4 13. Nxe4 Qb6 14. Nxf6+ Nxf6
15. c3 c5 16. Nf3 Be6 17. Ne5 Rad8 18. Qc2 Qa6 19. Bxe6 Qxe6 20. Rfe1 Qa6 21.
Qb3 Kh7 22. Red1 Rxd1+ 23. Rxd1 Ne4 24. Nd7 Re8 25. Qxf7 Qe2 26. Ra1 g5 27. f5
Re7 28. Nf8+ Kh8 29. Ng6+ Kh7 30. Nf8+ Kh8 31. Ng6+ Kh7 32. Nxe7 gxh4 1-0

[Event "VIII Torneo Internazionale B"]
[Site "Montecatini Terme ITA"]
[Date "2002.01.27"]
[Round "2"]
[White "Naumkin, Igor"]
[Black "Sciortino, Massimo"]
[Result "1/2-1/2"]
[WhiteElo "2441"]
[BlackElo "2219"]
[PlyCount "33"]
[EventDate "2002.01.26"]

1. e4 e5 2. Nf3 Nc6 3. Bb5 a6 4. Ba4 Nf6 5. O-O Be7 6. Re1 b5 7. Bb3 d6 8. c3
O-O 9. h3 Nb8 10. d4 Nbd7 11. Nbd2 Bb7 12. Bc2 Re8 13. Nf1 Nf8 14. Ng3 g6 15.
a4 c5 16. d5 c4 17. Be3 1/2-1/2

[Event "VIII Torneo Internazionale B"]
[Site "Montecatini Terme ITA"]
[Date "2002.01.27"]
[Round "2"]
[White "Passerotti, Pierluigi"]
[Black "Ivanov, Jordan"]
[Result "0-1"]
[WhiteElo "2276"]
[BlackElo "2410"]
[PlyCount "88"]
[EventDate "2002.01.26"]

1. d4 d5 2. c4 dxc4 3. Nf3 e6 4. e3 Nf6 5. Bxc4 c5 6. O-O Nc6 7. Nc3 cxd4 8.
exd4 Be7 9. Re1 O-O 10. Bg5 b6 11. Qd2 Bb7 12. Rad1 Rc8 13. Bd3 Nb4 14. Bxf6
Bxf6 15. Be4 Nd5 16. Ne2 Qd6 17. Ng3 Rc7 18. a3 Rfc8 19. Ne5 Qd8 20. f4 Bh4 21.
f5 Bxg3 22. hxg3 Nf6 23. Bxb7 Rxb7 24. fxe6 fxe6 25. Nf3 Qd6 26. Qf4 Qxf4 27.
gxf4 Nh5 28. Rxe6 Nxf4 29. Rd6 Rc2 30. Rd2 Rxd2 31. Nxd2 Kf7 32. Nf3 Rc7 33.
Rc6 Rxc6 34. Ne5+ Ke6 35. Nxc6 a5 36. g3 Nh5 37. Kf2 Kd5 38. Ne7+ Kxd4 39. g4
Nf6 40. Kf3 g5 41. Nc8 Nd7 42. Nd6 Ne5+ 43. Kg3 a4 44. Nb5+ Kc4 0-1

[Event "VIII Torneo Internazionale B"]
[Site "Montecatini Terme ITA"]
[Date "2002.01.28"]
[Round "3"]
[White "Ivanov, Jordan"]
[Black "Costantini, Roberto"]
[Result "1-0"]
[WhiteElo "2410"]
[BlackElo "2329"]
[PlyCount "49"]
[EventDate "2002.01.26"]

1. d4 d5 2. c4 e6 3. Nc3 Be7 4. Nf3 Nf6 5. e3 O-O 6. Bd3 dxc4 7. Bxc4 c5 8. O-O
a6 9. Bd3 Nc6 10. a3 Qc7 11. dxc5 Bxc5 12. b4 Bd6 13. Bb2 Rd8 14. Rc1 Qe7 15.
Qe2 e5 16. Ng5 h6 17. Nge4 Bc7 18. Bc4 Nxe4 19. Nxe4 Bf5 20. Nc5 b5 21. Bb3 e4
22. Qh5 Bh7 23. Ne6 fxe6 24. Rxc6 Rd6 25. Qc5 1-0

[Event "VIII Torneo Internazionale B"]
[Site "Montecatini Terme ITA"]
[Date "2002.01.28"]
[Round "3"]
[White "Sciortino, Massimo"]
[Black "Passerotti, Pierluigi"]
[Result "0-1"]
[WhiteElo "2219"]
[BlackElo "2276"]
[PlyCount "100"]
[EventDate "2002.01.26"]

1. d4 Nf6 2. Nf3 e6 3. Bg5 c5 4. e3 h6 5. Bh4 b6 6. Bd3 Bb7 7. Nbd2 d6 8. O-O
Nbd7 9. c3 Qc7 10. Re1 g5 11. Bg3 Nh5 12. a4 Nxg3 13. hxg3 a6 14. e4 Bg7 15. d5
g4 16. dxe6 fxe6 17. Nh4 Ne5 18. Nc4 Nxd3 19. Qxd3 O-O-O 20. Rad1 Kb8 21. Ng6
Rhg8 22. Nf4 Bc8 23. Ne3 Be5 24. Ne2 h5 25. Nc4 Bf6 26. b4 d5 27. Ne3 d4 28.
cxd4 cxd4 29. Nc4 e5 30. a5 b5 31. Nb6 Bg5 32. Rc1 Bxc1 33. Rxc1 Qf7 34. Rc2
Be6 35. Nc1 Qe7 36. Rc5 Rc8 37. Nb3 Rc7 38. Rxc7 Qxc7 39. Nc5 Bc8 40. Qb3 Rd8
41. Nd5 Qd6 42. f4 gxf3 43. Qxf3 Be6 44. Nb6 d3 45. Nxa6+ Ka7 46. Nc5 d2 47.
Nd5 Bxd5 48. exd5 Qxd5 49. Qf6 d1=Q+ 50. Kh2 Qxg2+ 0-1

[Event "VIII Torneo Internazionale B"]
[Site "Montecatini Terme ITA"]
[Date "2002.01.28"]
[Round "4"]
[White "Passerotti, Pierluigi"]
[Black "Costantini, Roberto"]
[Result "1/2-1/2"]
[WhiteElo "2276"]
[BlackElo "2329"]
[PlyCount "98"]
[EventDate "2002.01.26"]

1. d4 Nf6 2. c4 c5 3. d5 b5 4. cxb5 a6 5. b6 d6 6. Nc3 Nbd7 7. e4 g6 8. Nf3 Bg7
9. a4 a5 10. Nd2 O-O 11. Nc4 Nxb6 12. Qc2 e6 13. dxe6 fxe6 14. Nxb6 Qxb6 15.
Bb5 d5 16. O-O Bb7 17. exd5 exd5 18. Bg5 Kh8 19. Rae1 Rac8 20. Qd2 d4 21. Bxf6
Bxf6 22. Ne4 c4 23. Nxf6 Qxf6 24. f3 c3 25. bxc3 dxc3 26. Qd7 Rf7 27. Re8+ Kg7
28. Qd3 Rxe8 29. Bxe8 Rc7 30. Bb5 c2 31. Qd2 Bc8 32. Rc1 Qb2 33. Kf2 Bf5 34. g4
Bc8 35. Bd3 Qe5 36. Rxc2 Qxh2+ 37. Kf1 Qh1+ 38. Kf2 Qh2+ 39. Kf1 Qh1+ 40. Kf2
Qh4+ 41. Kg2 Qe7 42. Be4 Rxc2 43. Qxc2 Qd8 44. Qc3+ Kf7 45. Bd3 Be6 46. Bc4
Bxc4 47. Qxc4+ Kg7 48. Qf4 h6 49. Qe5+ Kh7 1/2-1/2

[Event "VIII Torneo Internazionale B"]
[Site "Montecatini Terme ITA"]
[Date "2002.01.28"]
[Round "4"]
[White "Sciortino, Massimo"]
[Black "Mrdja, Milan"]
[Result "0-1"]
[WhiteElo "2219"]
[BlackElo "2399"]
[PlyCount "56"]
[EventDate "2002.01.26"]

1. d4 c5 2. d5 e6 3. e4 Nf6 4. Nc3 exd5 5. exd5 d6 6. Bb5+ Nbd7 7. a4 Be7 8.
Nf3 O-O 9. O-O a6 10. Bd3 b6 11. h3 Bb7 12. Re1 Re8 13. Bf4 Bf8 14. Qd2 h6 15.
Rxe8 Nxe8 16. Re1 Ndf6 17. Bc4 Nc7 18. g4 Qd7 19. Kh2 b5 20. g5 hxg5 21. Bxg5
bxc4 22. Bxf6 Qf5 23. Qg5 Qxf6 24. Qxf6 gxf6 25. Rg1+ Kh8 26. Rg4 f5 27. Rh4+
Kg8 28. Rh5 Nxd5 0-1

[Event "VIII Torneo Internazionale B"]
[Site "Montecatini Terme ITA"]
[Date "2002.01.29"]
[Round "5"]
[White "Costantini, Roberto"]
[Black "Naumkin, Igor"]
[Result "0-1"]
[WhiteElo "2329"]
[BlackElo "2441"]
[PlyCount "86"]
[EventDate "2002.01.26"]

1. e4 e6 2. d4 d5 3. Nc3 Bb4 4. Nge2 dxe4 5. a3 Bxc3+ 6. Nxc3 Nc6 7. Bb5 Nge7
8. Bg5 f6 9. Be3 O-O 10. Qd2 e5 11. d5 Nd4 12. Bxd4 exd4 13. Qxd4 Nf5 14. Qxe4
Nd6 15. Qb4 Nxb5 16. Qxb5 Re8+ 17. Kd2 c6 18. Qc5 Be6 19. d6 b6 20. Qd4 c5 21.
Qf4 Rb8 22. Rad1 b5 23. Ne4 b4 24. a4 Qa5 25. Rhe1 c4 26. Re3 Bf5 27. Ng3 c3+
28. bxc3 bxc3+ 29. Ke1 Bxc2 30. d7 Rxe3+ 31. fxe3 Rd8 32. Qc4+ Kh8 33. Rd5 Qb6
34. Qxc3 Bxa4 35. Nf5 h6 36. Qd3 Qe6 37. Rd6 Rxd7 38. Rxe6 Rxd3 39. Re7 Rd7 40.
Re4 Bc6 41. Rg4 h5 42. Rg3 Be4 43. Nd4 g5 0-1

[Event "VIII Torneo Internazionale B"]
[Site "Montecatini Terme ITA"]
[Date "2002.01.29"]
[Round "5"]
[White "Ivanov, Jordan"]
[Black "Sciortino, Massimo"]
[Result "1/2-1/2"]
[WhiteElo "2410"]
[BlackElo "2219"]
[PlyCount "40"]
[EventDate "2002.01.26"]

1. Nf3 d6 2. d4 f5 3. g3 Nf6 4. Bg2 e6 5. O-O Be7 6. c4 O-O 7. Nc3 Qe8 8. b3 a5
9. Bb2 Qh5 10. e3 Na6 11. Ne1 Qxd1 12. Rxd1 c6 13. Nd3 Bd7 14. a3 Rfd8 15. b4
axb4 16. axb4 Nc7 17. Ra1 Rxa1 18. Rxa1 Ra8 19. Rxa8+ Nxa8 20. b5 cxb5 1/2-1/2

[Event "VIII Torneo Internazionale B"]
[Site "Montecatini Terme ITA"]
[Date "2002.01.29"]
[Round "5"]
[White "Mrdja, Milan"]
[Black "Passerotti, Pierluigi"]
[Result "1-0"]
[WhiteElo "2399"]
[BlackElo "2276"]
[PlyCount "75"]
[EventDate "2002.01.26"]

1. e4 e6 2. Qe2 Nf6 3. e5 Nd5 4. Nc3 Nxc3 5. dxc3 d5 6. Bf4 Bd7 7. O-O-O b5 8.
h4 c5 9. Nf3 Qa5 10. Kb1 Na6 11. h5 h6 12. Bd2 Qb6 13. Rh4 Nc7 14. Rf4 a5 15.
Ne1 b4 16. Qf3 c4 17. Rxf7 bxc3 18. Bxc3 Nb5 19. Kc1 Nxc3 20. bxc3 O-O-O 21.
Rd4 Ba3+ 22. Kd2 Bc5 23. Rdf4 Rhg8 24. Rg4 Be8 25. Rfxg7 Rf8 26. Rf4 Bxh5 27.
g4 Rxf4 28. Qxf4 Rf8 29. Qxh6 Rxf2+ 30. Be2 d4 31. Rg8+ Kc7 32. cxd4 Bxd4 33.
Nf3 Bc3+ 34. Kxc3 Qb4+ 35. Kd4 c3+ 36. Ke3 Qc5+ 37. Nd4 Bf7 38. Rg7 1-0